[Event "10th Ugra Governor's Cup"]
[Site "Khanty-Mansiysk RUS"]
[Date "2014.11.08"]
[Round "4.10"]
[White "Kozionov, Kirill"]
[Black "Shimanov, Aleksandr"]
[Result "0-1"]
[WhiteTitle "FM"]
[BlackTitle "GM"]
[WhiteElo "2403"]
[BlackElo "2589"]
[WhiteFideId "24101729"]
[BlackFideId "4198603"]
[EventDate "2014.11.05"]

1. e4 d6 2. d4 Nf6 3. Nc3 e5 4. Nf3 Nbd7 5. Bc4 Be7 6. O-O O-O 7. Re1 c6 8. a4
a5 9. h3 Nb6 10. Ba2 Nfd7 11. Be3 exd4 12. Qxd4 Nc5 13. Rad1 Be6 14. Bxe6 fxe6
15. e5 d5 16. Qg4 Nbd7 17. Bh6 Rf7 18. Ne2 Nf8 19. Be3 Qd7 20. Ng3 Kh8 21. Rd4
Qe8 22. Bg5 Ncd7 23. h4 Bc5 24. Rdd1 Rb8 25. h5 h6 26. Bd2 Qd8 27. Re2 Qb6 28.
b3 Re8 29. Rf1 Bb4 30. Be3 Qc7 31. Bf4 Be7 32. Rfe1 Qb6 33. Bd2 Bb4 34. Rd1 Bxd2
35. Rdxd2 Qb4 36. Rd4 Qa3 37. Kh2 Kg8 38. Rd3 Qb4 39. Rd4 Qe7 40. Rd3 Nh7 41.
Rd4 Qc5 42. Rdd2 Qf8 43. Qg6 Rf4 44. Qd3 Qf7 45. Qe3 c5 46. Kg1 Rf8 47. Re1 b6
48. Ree2 Kh8 49. Re1 Rxf3 50. gxf3 Ng5 51. Kf1 Nxf3 52. Rxd5 exd5 53. e6 Qf6 54.
exd7 Nxe1 55. Qxe1 Qf7 0-1

[Event "10th Ugra Governor's Cup"]
[Site "Khanty-Mansiysk RUS"]
[Date "2014.11.08"]
[Round "4.11"]
[White "Pridorozhni, Aleksei"]
[Black "Looshnikov, Nikolai"]
[Result "1-0"]
[WhiteTitle "GM"]
[BlackTitle "IM"]
[WhiteElo "2533"]
[BlackElo "2490"]
[WhiteFideId "4127870"]
[BlackFideId "4150104"]
[EventDate "2014.11.05"]

1. e4 e5 2. Nc3 Nf6 3. g3 Bc5 4. Bg2 O-O 5. Nge2 Nc6 6. O-O a6 7. d3 d6 8. h3
Be6 9. Nd5 Nd4 10. Nxd4 Bxd4 11. c3 Ba7 12. Kh2 Bxd5 13. exd5 Re8 14. Qc2 Qd7
15. Bd2 c6 16. dxc6 bxc6 17. Rae1 d5 18. Re2 Re6 19. Rfe1 Rae8 20. Bg5 Bb8 21.
Qa4 Nh5 22. Bf3 Rg6 23. Bg4 Qd6 24. Bd2 Nf6 25. Bf5 Nd7 26. Bxg6 hxg6 27. d4 Re6
28. Kg2 e4 29. Bf4 Qe7 30. Bxb8 Nxb8 31. c4 Qb7 32. Re3 Nd7 33. Rb3 Qa7 34. c5
a5 35. Ra3 Qb8 36. Qxa5 Kh7 37. Rb3 Qe8 38. Qc7 f5 39. h4 Rf6 40. Rb7 Rf7 41.
Qxc6 f4 42. gxf4 Re7 1-0

[Event "10th Ugra Governor's Cup"]
[Site "Khanty-Mansiysk RUS"]
[Date "2014.11.08"]
[Round "4.12"]
[White "Goganov, Aleksey"]
[Black "Predke, Alexandr"]
[Result "1-0"]
[WhiteTitle "GM"]
[WhiteElo "2609"]
[BlackElo "2545"]
[WhiteFideId "24109959"]
[BlackFideId "24107581"]
[EventDate "2014.11.05"]

1. d4 Nf6 2. c4 e6 3. Nf3 d5 4. Nc3 Bb4 5. Bg5 h6 6. Bxf6 Qxf6 7. e3 c5 8. cxd5
exd5 9. Be2 O-O 10. O-O Bxc3 11. bxc3 c4 12. Nd2 Bf5 13. f3 Qe7 14. e4 dxe4 15.
fxe4 Bxe4 16. Nxe4 Qxe4 17. Bxc4 Nd7 18. Qb3 Nf6 19. Rae1 Qc6 20. Re7 Kh8 21.
Rxb7 Qe4 22. Kh1 Ng4 23. Qb1 Qc6 24. Be2 Ne3 25. Bf3 Qxc3 26. Rc1 Qxd4 27. Rb4
Qd6 28. Bxa8 Rxa8 29. Qe4 Rd8 30. Rbb1 Qd2 31. Re1 Nd1 32. Qe7 Nf2+ 33. Kg1 Ng4
34. h3 Qd4+ 35. Kh1 Nf2+ 36. Kh2 Qf4+ 37. g3 Qd4 38. Re2 Nd1 39. Rb4 Qd3 40. Rb3
Qd5 41. Qxa7 h5 42. Rb8 Nc3 43. Rxd8+ Qxd8 44. Qxf7 Nxe2 45. Qxh5+ Kg8 46. Qxe2
Qd4 47. Qc2 Qa1 48. h4 Kf7 49. Qc4+ Kf6 50. a4 Qe1 51. Qc6+ Kf5 52. Qc2+ Kf6 53.
Qa2 g5 54. hxg5+ Kxg5 55. a5 Kg4 56. Qc4+ Kg5 57. a6 Qf2+ 58. Kh3 Qg1 59. Qd5+
Kf6 60. Kg4 Qa1 61. Qd6+ Kf7 62. Qd7+ Kg6 63. a7 Qa6 64. Qe8+ Kh6 65. a8=Q Qc4+
66. Kh3 1-0

[Event "10th Ugra Governor's Cup"]
[Site "Khanty-Mansiysk RUS"]
[Date "2014.11.09"]
[Round "5.1"]
[White "Kokarev, Dmitry"]
[Black "Riazantsev, Alexander"]
[Result "1/2-1/2"]
[WhiteTitle "GM"]
[BlackTitle "GM"]
[WhiteElo "2624"]
[BlackElo "2678"]
[WhiteFideId "4132181"]
[BlackFideId "4125029"]
[EventDate "2014.11.05"]

1. e4 c6 2. d4 d5 3. Nc3 dxe4 4. Nxe4 Bf5 5. Nc5 b6 6. Nb3 e6 7. Nf3 Bd6 8. g3
Ne7 9. Bg2 h6 10. O-O Nd7 11. Nbd2 Rc8 12. Qe2 Nf6 13. Nc4 Bb8 14. Rd1 O-O 15.
Nce5 b5 16. c4 bxc4 17. Nxc4 Be4 18. b3 Nf5 19. Ba3 Re8 20. Bc5 Bd5 21. Rac1 Nd7
22. Ba3 Nf6 23. Bc5 Nd7 24. Ba3 Nf6 1/2-1/2

[Event "10th Ugra Governor's Cup"]
[Site "Khanty-Mansiysk RUS"]
[Date "2014.11.09"]
[Round "5.2"]
[White "Bukavshin, Ivan"]
[Black "Artemiev, Vladislav"]
[Result "1-0"]
[WhiteTitle "GM"]
[BlackTitle "GM"]
[WhiteElo "2629"]
[BlackElo "2660"]
[WhiteFideId "4199758"]
[BlackFideId "24101605"]
[EventDate "2014.11.05"]

1. d4 d5 2. c4 c6 3. Nf3 Nf6 4. Nc3 e6 5. e3 Nbd7 6. Qc2 Bd6 7. Bd3 O-O 8. O-O
dxc4 9. Bxc4 a6 10. Rd1 b5 11. Bd3 Qc7 12. Bd2 c5 13. Ne4 c4 14. Nxd6 Qxd6 15.
Be2 Bb7 16. b3 Bd5 17. Qb2 Rfc8 18. Rac1 Ne4 19. Be1 f6 20. Ba5 Rab8 21. Ne1 f5
22. f3 Nef6 23. Nc2 cxb3 24. axb3 Bb7 25. Nb4 Nd5 26. Qd2 f4 27. e4 Ne3 28. Re1
Ne5 29. Rc3 Ng6 30. Rec1 Rxc3 31. Rxc3 Qe7 32. Nc2 Nxc2 33. Qxc2 Qf6 34. Qd2 Rc8
35. Rxc8+ Bxc8 36. Qc3 Bd7 37. Qc5 h6 38. Bc7 Qh4 39. g3 fxg3 40. hxg3 Qe7 41.
Bd6 Qd8 42. b4 Nh8 43. d5 exd5 44. Qxd5+ Nf7 45. Bc5 Qc8 46. Bd4 Bc6 47. Qc5 Qe6
48. Be3 Ne5 49. Bf4 Nc4 50. Qd4 g5 51. Bc1 g4 52. fxg4 Qxe4 53. Qxe4 Bxe4 54.
Bxh6 Ne5 55. Kf2 Bd3 56. Bd1 Bc4 57. Bd2 Be6 58. g5 Nd3+ 59. Ke3 Nb2 60. Bf3
Nc4+ 61. Ke2 Kg7 62. Bb7 Bg4+ 63. Ke1 Bd7 64. Bxa6 Nxd2 65. Kxd2 Kg6 66. Ke3
Kxg5 67. Kd4 Kg4 68. Kc5 Kxg3 69. Bxb5 Bg4 70. Bc6 Be2 71. Bd5 Kf4 72. Bc4 Bg4
73. Kd6 Ke3 74. b5 Kd4 75. Bd5 Be2 76. b6 Ba6 77. Bg2 Bc8 78. Kc7 Kc5 79. Bf1
Kd5 1-0

[Event "10th Ugra Governor's Cup"]
[Site "Khanty-Mansiysk RUS"]
[Date "2014.11.09"]
[Round "5.3"]
[White "Khismatullin, Denis"]
[Black "Gordievsky, Dmitry"]
[Result "1-0"]
[WhiteTitle "GM"]
[BlackTitle "FM"]
[WhiteElo "2679"]
[BlackElo "2471"]
[WhiteFideId "4142578"]
[BlackFideId "24112798"]
[EventDate "2014.11.05"]

1. e4 c5 2. Nf3 d6 3. c3 Nf6 4. Bd3 g6 5. O-O Bg7 6. Bc2 O-O 7. d4 cxd4 8. cxd4
Nc6 9. h3 e5 10. d5 Ne7 11. Nc3 h6 12. Be3 Kh8 13. Nd2 Ne8 14. Nc4 f5 15. f3 f4
16. Bf2 g5 17. Nb5 Ng6 18. Nxa7 Rxa7 19. Bxa7 b5 20. Bb6 Qe7 21. Na5 h5 22. Kf2
Nh4 23. Rg1 g4 24. hxg4 hxg4 25. Ke2 Qg5 26. Kd2 Nf6 27. Bf2 Nh5 28. Bxh4 Qxh4
29. Rh1 Qg5 30. Qg1 Kg8 31. Bd3 Ng3 32. Rh2 Bf5 33. Nc6 Bg6 34. Qa7 Bh5 35. Qd7
Bf6 36. Kc2 Rf7 37. Qxd6 gxf3 38. gxf3 Bxf3 39. Rg1 Kg7 40. Kb3 Bh5 41. Qc5 Bg6
42. a3 Qg4 43. Qf2 Rd7 44. Rhg2 Rxd5 45. exd5 Qd7 46. Rxg3 Qxd5+ 47. Kb4 1-0

[Event "10th Ugra Governor's Cup"]
[Site "Khanty-Mansiysk RUS"]
[Date "2014.11.09"]
[Round "5.4"]
[White "Mamedov, Rauf"]
[Black "Khairullin, Ildar"]
[Result "1/2-1/2"]
[WhiteTitle "GM"]
[BlackTitle "GM"]
[WhiteElo "2652"]
[BlackElo "2625"]
[WhiteFideId "13401653"]
[BlackFideId "4151348"]
[EventDate "2014.11.05"]

1. e4 e5 2. Nc3 Nf6 3. g3 d5 4. exd5 Nxd5 5. Bg2 Nf6 6. Nf3 Nc6 7. O-O Bc5 8. d3
O-O 9. h3 h6 10. a3 a6 11. Be3 Bxe3 12. fxe3 Be6 13. Nh4 Nd5 14. Nxd5 Bxd5 15.
Bxd5 Qxd5 16. Nf5 Kh7 17. Qh5 Qe6 18. Qh4 Rae8 19. Kh2 Ne7 20. Nxe7 Qxe7 21.
Qe4+ Kg8 22. Rf2 c6 23. Raf1 Qe6 24. Rf5 Re7 25. Qh4 f6 26. Qe4 c5 27. b3 b5 28.
g4 Rc8 29. h4 Qc6 30. Qxc6 Rxc6 31. Kg3 e4 32. dxe4 Rxe4 33. Kf3 Rce6 34. Re1 c4
35. Rc5 cxb3 36. cxb3 Re7 37. h5 R4e6 38. Rd5 Kf7 39. b4 g6 40. e4 gxh5 1/2-1/2

[Event "10th Ugra Governor's Cup"]
[Site "Khanty-Mansiysk RUS"]
[Date "2014.11.09"]
[Round "5.5"]
[White "Shomoev, Anton"]
[Black "Smirnov, Pavel"]
[Result "1/2-1/2"]
[WhiteTitle "GM"]
[BlackTitle "GM"]
[WhiteElo "2569"]
[BlackElo "2592"]
[WhiteFideId "4135148"]
[BlackFideId "4123425"]
[EventDate "2014.11.05"]

1. Nf3 Nf6 2. c4 b6 3. g3 c5 4. Bg2 Bb7 5. O-O e6 6. Nc3 Be7 7. Re1 d5 8. cxd5
Nxd5 9. e4 Nb4 10. d4 cxd4 11. Nxd4 N8c6 12. Nxc6 Qxd1 13. Rxd1 Bxc6 14. Bf4 g5
15. Bd6 Bxd6 16. Rxd6 Rd8 17. Rxd8+ Kxd8 18. a3 Na6 19. b4 Nb8 20. Rc1 h5 21.
Ne2 e5 22. f4 f6 23. h4 g4 24. Kf2 Ke7 25. Ke3 Rd8 26. fxe5 fxe5 27. Nc3 Rf8 28.
Rf1 Rxf1 29. Bxf1 Be8 30. Bb5 Nc6 31. Bxc6 Bxc6 32. Kd3 Kd6 33. Kc4 a6 34. b5
axb5+ 35. Nxb5+ Kd7 36. Nc3 Kd6 37. Kb4 Ke6 38. Kb3 Kd6 39. Kc4 Ke6 40. Kb4 Kd6
41. Kc4 1/2-1/2

[Event "10th Ugra Governor's Cup"]
[Site "Khanty-Mansiysk RUS"]
[Date "2014.11.09"]
[Round "5.6"]
[White "Ponkratov, Pavel"]
[Black "Matsenko, Sergei"]
[Result "1-0"]
[WhiteTitle "GM"]
[BlackTitle "IM"]
[WhiteElo "2624"]
[BlackElo "2482"]
[WhiteFideId "4157800"]
[BlackFideId "4170083"]
[EventDate "2014.11.05"]

1. e4 e6 2. d4 d5 3. Nd2 Nc6 4. Ngf3 Nf6 5. e5 Nd7 6. Bd3 Nb4 7. Be2 c5 8. c3
Nc6 9. O-O cxd4 10. cxd4 f6 11. exf6 Nxf6 12. Bd3 Bd6 13. Re1 O-O 14. a3 Qc7 15.
h3 Bd7 16. b4 e5 17. dxe5 Nxe5 18. Nxe5 Bxe5 19. Ra2 Bh2+ 20. Kh1 Bf4 21. Rc2
Qd6 22. Nf3 Ba4 23. Bxf4 Qxf4 24. Qc1 Nh5 25. Rc7 Qxc1 26. Rexc1 Rab8 27. Ng5 h6
28. Ne6 Rf6 29. Rc8+ Rxc8 30. Rxc8+ Kf7 31. Nc5 Bd1 32. Rc7+ Kg8 33. Nd7 Re6 34.
Rxb7 Nf4 35. Bf5 Ra6 36. Ne5 g6 37. Bc8 Rxa3 38. g3 Rc3 39. Bd7 Nd3 40. Be6+ Kf8
41. Nxg6+ 1-0

[Event "10th Ugra Governor's Cup"]
[Site "Khanty-Mansiysk RUS"]
[Date "2014.11.09"]
[Round "5.7"]
[White "Bocharov, Dmitry"]
[Black "Matlakov, Maxim"]
[Result "1/2-1/2"]
[WhiteTitle "GM"]
[BlackTitle "GM"]
[WhiteElo "2567"]
[BlackElo "2685"]
[WhiteFideId "4138716"]
[BlackFideId "4168003"]
[EventDate "2014.11.05"]

1. c4 Nf6 2. Nf3 e6 3. g3 d5 4. Bg2 Be7 5. O-O O-O 6. b3 c5 7. Bb2 Nc6 8. e3 d4
9. exd4 cxd4 10. Re1 Bd6 11. a3 a5 12. Nxd4 Nxd4 13. Bxd4 Bxg3 14. hxg3 Qxd4 15.
Nc3 Rd8 16. Qf3 Rb8 17. Qe3 Kf8 18. Rad1 b6 19. Nb5 Qxe3 20. fxe3 Bb7 21. d3 h5
22. Nc3 Ke7 23. d4 h4 24. gxh4 Rh8 25. Bxb7 Rxb7 26. Kg2 Rxh4 27. Rh1 Rg4+ 28.
Kf3 Rb8 29. Rdg1 Rxg1 30. Rxg1 g6 31. Rh1 Nd7 32. Ke2 g5 33. e4 g4 34. e5 Rg8
35. Ne4 Rg7 36. Ke3 f6 37. exf6+ Nxf6 38. Ng3 Rg8 39. Rh6 Rc8 40. Kd3 Rf8 41.
Rh1 Rf7 42. Ke3 Nd7 43. Rf1 Rxf1 44. Nxf1 e5 45. Ke4 1/2-1/2

[Event "10th Ugra Governor's Cup"]
[Site "Khanty-Mansiysk RUS"]
[Date "2014.11.09"]
[Round "5.8"]
[White "Sjugirov, Sanan"]
[Black "Pridorozhni, Aleksei"]
[Result "1/2-1/2"]
[WhiteTitle "GM"]
[BlackTitle "GM"]
[WhiteElo "2673"]
[BlackElo "2533"]
[WhiteFideId "4189302"]
[BlackFideId "4127870"]
[EventDate "2014.11.05"]

1. Nf3 e6 2. c4 Nf6 3. g3 d5 4. Bg2 dxc4 5. O-O a6 6. Qc2 b5 7. Ne1 Nd5 8. d3
cxd3 9. Nxd3 Bb7 10. Nc3 Bd6 11. Rd1 Nd7 12. Nxd5 exd5 13. Bf4 O-O 14. Bxd6 cxd6
15. Nf4 Nb6 16. Nxd5 Rc8 17. Qb3 Bxd5 18. Bxd5 Nxd5 19. Rxd5 Re8 20. e3 Rc6 21.
Rad1 Re6 22. h4 h6 23. R5d4 Qc7 24. Qd5 Re5 25. Qf3 Re6 26. Kg2 Rf6 27. Qe4 Qc8
28. R1d2 Re6 29. Qg4 Qb7 30. Qf3 Rf6 31. Qd5 Qc8 32. Qe4 Re6 33. Qg4 Qb7 34. Qf3
Rf6 35. Qe4 Qc8 36. a3 Re6 37. Qg4 Qb7 38. Qf3 Rf6 39. Qe4 Qc8 40. Kh2 Re6 41.
Qg4 Qb7 42. Qf3 Rf6 43. Qg2 Qc8 44. Re4 Kf8 45. Red4 Kg8 46. Qe4 Re6 47. Qd5 Rf6
48. Qe4 Re6 49. Qg4 Qb7 50. Qd1 Rf6 51. Qh1 Qc8 52. Qe4 1/2-1/2

[Event "10th Ugra Governor's Cup"]
[Site "Khanty-Mansiysk RUS"]
[Date "2014.11.09"]
[Round "5.9"]
[White "Shimanov, Aleksandr"]
[Black "Goganov, Aleksey"]
[Result "1/2-1/2"]
[WhiteTitle "GM"]
[BlackTitle "GM"]
[WhiteElo "2589"]
[BlackElo "2609"]
[WhiteFideId "4198603"]
[BlackFideId "24109959"]
[EventDate "2014.11.05"]

1. e4 d6 2. d4 Nf6 3. Nc3 e5 4. Nf3 Nbd7 5. Bc4 Be7 6. O-O O-O 7. a4 c6 8. Re1
a5 9. h3 Nb6 10. Ba2 Nfd7 11. dxe5 dxe5 12. Be3 h6 13. Nh2 Bg5 14. Qd6 Be7 15.
Qd2 Nc5 16. Bxh6 Nbxa4 17. Nxa4 Nxa4 18. Qc1 gxh6 19. Qxh6 Bg5 20. Qg6+ Kh8 21.
Qh5+ Kg7 22. h4 Bh6 23. Qxe5+ Qf6 24. Qg3+ Kh8 25. Rad1 Bf4 26. Qa3 Rg8 27. Nf3
Bg4 28. e5 Qg6 29. Rd4 Be6 30. g3 Bxg3 31. Ng5 Bxf2+ 32. Kxf2 Qxc2+ 33. Re2 Qf5+
34. Ke1 Nb6 35. Rf2 Qxe5+ 36. Re4 Rxg5 37. Rxe5 Rxe5+ 38. Kf1 Bxa2 39. Qxa2 Nd5
40. Rxf7 Rg8 41. Qb1 Rg7 42. Rf8+ Rg8 43. Rf7 Rg7 44. Rf8+ Rg8 45. Rxg8+ Kxg8
46. Qg6+ Kh8 47. h5 Rf5+ 48. Ke1 Rf6 49. Qe8+ Kg7 50. Qd7+ Kh6 51. Qxb7 Kxh5 52.
Qa7 Kg6 53. Kd2 a4 54. Qxa4 Kf7 55. Kd3 Rf3+ 56. Kd2 Rf6 57. Qa7+ Ne7 58. Kd3
Rf5 59. Ke4 1/2-1/2

[Event "10th Ugra Governor's Cup"]
[Site "Khanty-Mansiysk RUS"]
[Date "2014.11.09"]
[Round "5.10"]
[White "Yuffa, Daniil"]
[Black "Timofeev, Artyom"]
[Result "1/2-1/2"]
[WhiteTitle "IM"]
[BlackTitle "GM"]
[WhiteElo "2467"]
[BlackElo "2583"]
[WhiteFideId "24131423"]
[BlackFideId "4140419"]
[EventDate "2014.11.05"]

1. g3 c5 2. Bg2 g6 3. Nf3 Bg7 4. O-O Nc6 5. d3 e5 6. c4 Nge7 7. Nc3 O-O 8. Ne1
a6 9. Nc2 Rb8 10. Rb1 b5 11. cxb5 axb5 12. b4 d5 13. bxc5 b4 14. Na4 Qa5 15. Nb6
Qxc5 16. Nxc8 Rfxc8 17. Bd2 d4 18. Rb2 Bf8 19. Qb1 Nd5 20. Bxd5 Qxd5 21. Rc1 e4
22. dxe4 Qxe4 23. Nxb4 Qxb1 24. Rcxb1 Nxb4 25. Bxb4 Bxb4 26. Rxb4 Rxb4 27. Rxb4
Rc2 28. a4 Rxe2 29. Rxd4 Ra2 30. Rd8+ Kg7 31. Ra8 h5 32. a5 g5 33. Kf1 g4 34. a6
Kf6 35. Ke1 Kg7 36. a7 Kf6 37. Kd1 Kg7 38. Kc1 Kf6 39. Kb1 Ra5 40. Kc2 Ra2+ 41.
Kd3 Ra3+ 42. Ke4 Ra4+ 43. Kd5 Ra2 44. Kc6 Kg7 45. Kb6 Rb2+ 46. Kc5 Ra2 47. Kd4
Kf6 48. Kd5 Rd2+ 49. Kc6 Rc2+ 50. Kd7 Ra2 51. Ke8 Kg7 52. Ke7 Ra1 53. Kd6 Kf6
54. Kd5 Ra2 55. Ke4 Re2+ 56. Kd3 Ra2 57. Rh8 Ra3+ 58. Ke2 Ra2+ 59. Kf1 Ra1+ 60.
Kg2 Rxa7 61. Rxh5 Kg6 62. Rb5 Ra2 63. Rb4 Kg5 64. Rf4 f5 65. h4+ gxh3+ 66. Kxh3
Rb2 67. Kg2 Ra2 68. Rd4 Rb2 69. Rd8 Ra2 70. Rg8+ Kf6 71. Re8 Rb2 72. Kf3 Ra2 73.
Re2 Ra3+ 74. Kg2 Kg5 75. Rb2 Rc3 76. Kh2 Ra3 77. Kg2 Rc3 78. Rb8 Rc2 79. Rg8+
Kf6 80. g4 fxg4 81. Rxg4 Kf5 82. Ra4 Rc3 83. f3 Rc1 84. Kg3 Rg1+ 85. Kf2 Rb1 1/2-1/2

[Event "10th Ugra Governor's Cup"]
[Site "Khanty-Mansiysk RUS"]
[Date "2014.11.09"]
[Round "5.11"]
[White "Savchenko, Boris"]
[Black "Looshnikov, Nikolai"]
[Result "1-0"]
[WhiteTitle "GM"]
[BlackTitle "IM"]
[WhiteElo "2598"]
[BlackElo "2490"]
[WhiteFideId "4147332"]
[BlackFideId "4150104"]
[EventDate "2014.11.05"]

1. d4 d5 2. c4 c6 3. Nc3 Nf6 4. Nf3 g6 5. cxd5 cxd5 6. Bf4 Bg7 7. e3 O-O 8. Bd3
Nc6 9. O-O Bg4 10. h3 Bxf3 11. Qxf3 e6 12. Bb5 Rc8 13. Rfc1 Na5 14. Qd1 Nc4 15.
b3 Nd6 16. Bd3 Qe7 17. Na4 Rfd8 18. Nc5 Nfe8 19. Be2 b6 20. Nd3 Ne4 21. Qe1 Bf8
22. Ne5 Qb7 23. Bb5 Ba3 24. Nc6 Rd7 25. Ne5 Rdd8 26. Nc6 Rd7 27. Qf1 Bxc1 28.
Rxc1 Nd2 29. Ba6 Nxf1 30. Bxb7 Rxb7 31. Ne7+ Rxe7 32. Rxc8 Nd2 33. Bd6 Kf8 34.
f3 f6 35. Ra8 a5 36. Rb8 a4 37. Bxe7+ Kxe7 38. Rb7+ Kd8 39. Rxb6 axb3 40. axb3
Kd7 41. Kf2 Nd6 42. Ke2 Nb1 43. Rb8 e5 44. Rh8 h5 45. dxe5 fxe5 46. Rg8 d4 47.
exd4 exd4 48. Kd3 Nf7 49. Kxd4 g5 50. b4 Na3 51. Kc5 Nd8 52. Rg7+ Kc8 53. Kd5
Nc2 54. Rxg5 Nxb4+ 55. Ke4 h4 56. Rg4 Kd7 57. Rxh4 Nf7 58. Kf5 Nc6 59. Kf6 Nd6
60. Rh7+ Kd8 61. Ke6 Nc4 62. h4 N4a5 63. h5 Nd4+ 64. Kf6 Nc4 65. h6 Nd6 66. Rh8+
Kd7 67. h7 1-0

[Event "10th Ugra Governor's Cup"]
[Site "Khanty-Mansiysk RUS"]
[Date "2014.11.09"]
[Round "5.12"]
[White "Goryachkina, Aleksandra"]
[Black "Kozionov, Kirill"]
[Result "1-0"]
[WhiteTitle "WGM"]
[BlackTitle "FM"]
[WhiteElo "2438"]
[BlackElo "2403"]
[WhiteFideId "4147103"]
[BlackFideId "24101729"]
[EventDate "2014.11.05"]

1. d4 Nf6 2. c4 Nc6 3. Nc3 e5 4. d5 Ne7 5. Qc2 c6 6. Bg5 cxd5 7. cxd5 Ng6 8.
O-O-O d6 9. h4 Bd7 10. e3 Qa5 11. h5 Ne7 12. Bxf6 gxf6 13. Qb3 Rc8 14. Kb1 Rc7
15. Bb5 f5 16. Rh4 e4 17. h6 Rg8 18. Bxd7+ Kxd7 19. g3 Rg6 20. Nge2 Rxh6 21.
Rxh6 Bxh6 22. Rh1 Bg7 23. Rxh7 Be5 24. Rxf7 a6 25. g4 fxg4 26. Nd4 Ke8 27. Rh7
b5 28. a3 Qb6 29. Nc6 Nf5 30. Rxc7 Qxc7 31. Nxe5 dxe5 32. Nxe4 Nd6 33. Nf6+ Kd8
34. Nxg4 Qh7+ 35. Ka2 Qe4 36. f3 Qxf3 37. Nxe5 Qe4 38. Nc6+ Ke8 39. Qd1 Nc4 40.
Qh5+ Kd7 41. Qf7+ Kd6 42. Qf6+ Kc7 43. Qd8+ 1-0

[Event "10th Ugra Governor's Cup"]
[Site "Khanty-Mansiysk RUS"]
[Date "2014.11.10"]
[Round "6.1"]
[White "Kokarev, Dmitry"]
[Black "Bukavshin, Ivan"]
[Result "1/2-1/2"]
[WhiteTitle "GM"]
[BlackTitle "GM"]
[WhiteElo "2624"]
[BlackElo "2629"]
[WhiteFideId "4132181"]
[BlackFideId "4199758"]
[EventDate "2014.11.05"]

1. e4 c5 2. Nf3 e6 3. c3 d5 4. exd5 Qxd5 5. d4 Nf6 6. Na3 Nc6 7. Be3 cxd4 8. Nb5
Qd7 9. Nbxd4 Nd5 10. Qa4 Nxe3 11. fxe3 Nxd4 12. Qxd4 Qxd4 13. exd4 Bd7 14. Ne5
Bd6 15. Nxd7 Kxd7 16. Be2 Ke7 17. O-O e5 18. Bf3 Rab8 19. dxe5 Bxe5 20. Rad1 b6
21. Rd5 f6 22. Rfd1 Rbd8 23. Rxd8 Rxd8 24. Rxd8 Kxd8 25. h3 Ke7 26. Kf1 Kd6 27.
Ke2 Bf4 28. Kd3 Bc1 29. Kc2 Bf4 30. Kd3 Bc1 31. Kc2 Bf4 32. Kd3 Ke5 1/2-1/2

[Event "10th Ugra Governor's Cup"]
[Site "Khanty-Mansiysk RUS"]
[Date "2014.11.10"]
[Round "6.2"]
[White "Riazantsev, Alexander"]
[Black "Khismatullin, Denis"]
[Result "1-0"]
[WhiteTitle "GM"]
[BlackTitle "GM"]
[WhiteElo "2678"]
[BlackElo "2679"]
[WhiteFideId "4125029"]
[BlackFideId "4142578"]
[EventDate "2014.11.05"]

1. d4 Nf6 2. c4 e6 3. Nf3 d5 4. Nc3 c5 5. cxd5 Nxd5 6. e3 Nc6 7. Bd3 Be7 8. O-O
O-O 9. a3 h6 10. Bc2 b6 11. Qd3 Nf6 12. Ne4 g6 13. Qb5 Bd7 14. Qe2 Rb8 15. Ng3
Re8 16. e4 Bf8 17. e5 Nd5 18. h4 Nce7 19. h5 Bg7 20. hxg6 fxg6 21. Nh4 Rf8 22.
Nxg6 Nxg6 23. Bxg6 Qh4 24. Bb1 Qxd4 25. Qc2 Rf7 26. Qh7+ Kf8 27. Bg6 Qxe5 28.
Bxf7 Kxf7 29. Bxh6 Rh8 30. Qxg7+ Qxg7 31. Bxg7 Kxg7 32. Rfe1 a5 33. Rad1 Kf7 34.
Ne4 Rg8 35. f3 Ba4 36. Rd2 Nf4 37. Nd6+ Ke7 38. Re4 1-0

[Event "10th Ugra Governor's Cup"]
[Site "Khanty-Mansiysk RUS"]
[Date "2014.11.10"]
[Round "6.3"]
[White "Artemiev, Vladislav"]
[Black "Shomoev, Anton"]
[Result "1/2-1/2"]
[WhiteTitle "GM"]
[BlackTitle "GM"]
[WhiteElo "2660"]
[BlackElo "2569"]
[WhiteFideId "24101605"]
[BlackFideId "4135148"]
[EventDate "2014.11.05"]

1. c4 e6 2. g3 d5 3. Bg2 Nf6 4. Nf3 dxc4 5. O-O a6 6. Qc2 Bd6 7. Qxc4 b5 8. Qc2
Bb7 9. d3 O-O 10. Nc3 c5 11. a4 b4 12. Nb1 Nc6 13. Nbd2 Rc8 14. Nc4 Nd5 15. a5
Nd4 16. Qd1 Bc6 17. Bd2 Bc7 18. Nxd4 cxd4 19. Qb3 Rb8 20. Rfc1 Qd7 21. Nb6 Bxb6
22. axb6 Rxb6 23. Rc4 Ne7 24. Bxc6 Nxc6 25. Qa4 a5 26. Rac1 Ne5 27. Qxd7 Nxd7
28. Rxd4 Rb7 29. Rdc4 h6 30. Rc7 Rfb8 31. Rxb7 Rxb7 32. Rc8+ Kh7 33. Rc4 Kg6 34.
Kf1 Rb5 35. Ke1 Rc5 36. Rg4+ Kf6 37. Kd1 g5 38. h4 Kg6 39. hxg5 hxg5 40. Rd4 Nb6
41. b3 Rd5 42. Re4 e5 43. g4 Rb5 44. Kc2 f6 45. Kb2 Kf7 46. f3 Kg6 47. Be3 Nd5
48. Bd2 Nb6 49. Be1 Kf7 50. Bf2 Nd5 51. Be1 1/2-1/2

[Event "10th Ugra Governor's Cup"]
[Site "Khanty-Mansiysk RUS"]
[Date "2014.11.10"]
[Round "6.4"]
[White "Smirnov, Pavel"]
[Black "Mamedov, Rauf"]
[Result "1/2-1/2"]
[WhiteTitle "GM"]
[BlackTitle "GM"]
[WhiteElo "2592"]
[BlackElo "2652"]
[WhiteFideId "4123425"]
[BlackFideId "13401653"]
[EventDate "2014.11.05"]

1. d4 d5 2. c4 c6 3. Nc3 Nf6 4. cxd5 cxd5 5. Bf4 Nc6 6. e3 Bf5 7. Qb3 Na5 8.
Qa4+ Bd7 9. Qc2 e6 10. Nf3 Be7 11. h3 Ne4 12. Bd3 f5 13. O-O Nc6 14. Qb3 Na5 15.
Qd1 O-O 16. Rc1 Rc8 17. Ne5 Nc6 18. Nxd7 Qxd7 19. Qa4 Nf6 20. Nb1 Bd6 21. Bxd6
Qxd6 22. Qa3 Qxa3 23. Nxa3 Nb4 24. Bb1 Ne4 25. Nb5 Nd2 26. Rfd1 Rxc1 27. Rxc1
Nxb1 28. Rxb1 Rc8 29. Nxa7 Rc2 30. a4 b6 31. Nb5 g5 32. Nc3 Kf7 33. Kf1 Nd3 34.
Nd1 Nb4 35. Nc3 Nd3 36. Nd1 Nb4 37. Nc3 1/2-1/2

[Event "10th Ugra Governor's Cup"]
[Site "Khanty-Mansiysk RUS"]
[Date "2014.11.10"]
[Round "6.5"]
[White "Khairullin, Ildar"]
[Black "Ponkratov, Pavel"]
[Result "1-0"]
[WhiteTitle "GM"]
[BlackTitle "GM"]
[WhiteElo "2625"]
[BlackElo "2624"]
[WhiteFideId "4151348"]
[BlackFideId "4157800"]
[EventDate "2014.11.05"]

1. Nf3 d5 2. d4 Nf6 3. c4 c6 4. e3 Bf5 5. Nc3 e6 6. Nh4 Bg6 7. Nxg6 hxg6 8. Bd2
Nbd7 9. Qc2 Bd6 10. Be2 a6 11. O-O-O dxc4 12. Bxc4 c5 13. Kb1 cxd4 14. exd4 Rc8
15. Be2 b5 16. Qd3 Nb6 17. Bf3 Rc7 18. h4 Nc4 19. Bg5 Be7 20. Bf4 Bd6 21. Bg5
Bb4 22. Ne4 Rd7 23. h5 gxh5 24. Bxh5 Be7 25. Bf3 Rxh1 26. Rxh1 Bf8 27. d5 exd5
28. Nxf6+ gxf6 29. Bf4 Qe7 30. a3 Ne5 31. Bxe5 Qxe5 32. Rh5 Qe1+ 33. Ka2 Qxf2
34. Bxd5 Kd8 35. Qc3 Bc5 36. Bf3 Bd4 37. Rh8+ Ke7 38. Qb4+ Rd6 39. Bc6 Ke6 40.
Re8+ Kf5 41. Be4+ Kg5 42. Rg8+ Kh4 43. Qb3 Qe3 44. Qd1 1-0